000 00426nam a2200181Ia 4500
001 23605
005 20260414150948.0
008 260414t2016||||xx |||||||||||||| ||spa||
041 _aESP
082 _a670.42
_bM86
100 _aMoro Valdivia, Miguel
_eAUT
245 0 _aTecnologĂ­a industrial I
_b
260 _c2016
300 _a334 páginas :
_c27 cm.
650 _aTCA
654 _aCII
942 _cLIB
_dJUS
_fJUS
_2ddc
_n
999 _c23605
_d23605